header

Little data book on Africa 2012/2013 (Record no. 26579)

MARC details
000 -LEADER
fixed length control field 01238nam a2200325 a 4500
082 04 - DEWEY DECIMAL CLASSIFICATION NUMBER
Classification number 338.96
245 00 - TITLE STATEMENT
Title Little data book on Africa 2012/2013
260 ## - PUBLICATION, DISTRIBUTION, ETC. (IMPRINT)
Place of publication Washington, D.C. :
Name of publisher World Bank,
Year of publication c2013.
300 ## - PHYSICAL DESCRIPTION
Number of Pages 1 online resource (vii, 127 p.)
650 #0 - SUBJECT ADDED ENTRY--TOPICAL TERM
Topical Term Economic development
Topical Term Economic indicators.
Topical Term Social indicators.
856 40 - ELECTRONIC LOCATION AND ACCESS
Uniform Resource Identifier http://site.ebrary.com/lib/rucke/Doc?id=10690509
588 ## -
-- Description based on online resource; title from title page (ebrary, viewed May 15, 2013).

No items available.

© 2026 Rongo University
Contact us: librarian | system librarian | Rongo university